000 nam a22 7a 4500
999 _c9378
_d9378
008 180129b ||||| |||| 00| 0 eng d
100 _aHunting,R.etal.
_95611
245 _aYoung Children Learning Maths
260 _aAustralia
_bACER PRESS
_c2012